header

Integrated content literacy (Record no. 253150)

MARC details
000 -LEADER
fixed length control field 00506nam a22001937a 4500
003 - CONTROL NUMBER IDENTIFIER
control field OSt
005 - DATE AND TIME OF LATEST TRANSACTION
control field 20160420104024.0
008 - FIXED-LENGTH DATA ELEMENTS--GENERAL INFORMATION
fixed length control field 160420b xxu||||| |||| 00| 0 eng d
010 ## - LIBRARY OF CONGRESS CONTROL NUMBER
LC control number 9838001
020 ## - INTERNATIONAL STANDARD BOOK NUMBER
International Standard Book Number 0072905328
040 ## - CATALOGING SOURCE
Transcribing agency n/a
050 ## - LIBRARY OF CONGRESS CALL NUMBER
Classification number LB1050.455
Item number .T66 1999
100 ## - MAIN ENTRY--PERSONAL NAME
Personal name Tonjes,Marian
245 ## - TITLE STATEMENT
Title Integrated content literacy
Statement of responsibility, etc Marian Tonjes,Ray Wolpow,Miles Zintz
250 ## - EDITION STATEMENT
Edition statement 4th ed.
260 ## - PUBLICATION, DISTRIBUTION, ETC. (IMPRINT)
Place of publication, distribution, etc Boston
Name of publisher, distributor, etc McGraw-Hill College
Date of publication, distribution, etc c1999
300 ## - PHYSICAL DESCRIPTION
Extent xii,302p
Other physical details ill,
942 ## - ADDED ENTRY ELEMENTS (KOHA)
Source of classification or shelving scheme Library of Congress Classification
Koha item type Long Loan Books
Holdings
Withdrawn status Lost status Source of classification or shelving scheme Damaged status Not for loan Collection code Home library Current library Shelving location Date acquired Total Checkouts Full call number Barcode Date last seen Price effective from Koha item type
    Library of Congress Classification     Non-fiction Rongo University Library Rongo University Library General Stacks 20/04/2016   LB1050.455 .T66 1999 201611307 20/04/2016 20/04/2016 Long Loan Books

© 2026 Rongo University
Contact us: librarian | system librarian | Rongo university